00684nam a2200229 a 4500001001300000003000900013005001700022008004100039020002300080082001300103100001800116245005700134260003200191300000900223500003500232650002300267700001800290902000800308942000700316952011400323999001700437nice12345678IN_TiNIC20260116014619.0070413s2004 newa grp 000 0 eng  a0826477097 c39500a190bRIC aRicoeut, Paul aConfllict of Interpretationb Essays in Hermeneutics aNew York bContinuum c2004 a508p aincludes index and biblioraphy aPhilosophy-Western1 aRicoeut, Paul bSRS cBK 001040708StackRoom-aHMIbHMId2007-12-06g395.00l0o190 RICp021587r2007-12-06v395.00w2007-04-13yBK c16236d16236